KAIZEN STRATEGIES FOR CUSTOMER CARE HOW (Record no. 1882)

MARC details
000 -LEADER
fixed length control field 00354nam a2200133Ia 4500
008 - FIXED-LENGTH DATA ELEMENTS--GENERAL INFORMATION
fixed length control field 240624s9999 xx 000 0 und d
041 ## - LANGUAGE CODE
Language code of text/sound track or separate title eng
082 ## - DEWEY DECIMAL CLASSIFICATION NUMBER
Classification number 658.812 WEL
100 ## - MAIN ENTRY--PERSONAL NAME
Personal name WELLINGTON PATRICIA
245 ## - TITLE STATEMENT
Title KAIZEN STRATEGIES FOR CUSTOMER CARE HOW
260 ## - PUBLICATION, DISTRIBUTION, ETC.
Date of publication, distribution, etc. 2000
Place of publication, distribution, etc. London
Name of publisher, distributor, etc. Pitman Publishing
300 ## - PHYSICAL DESCRIPTION
Extent xiii,239 : p. : cm. ; 24
365 ## - TRADE PRICE
Currency code RS
Holdings
Withdrawn status Lost status Damaged status Not for loan Home library Current library Shelving location Date acquired Source of acquisition Cost, normal purchase price Full call number Barcode Date last seen Copy number Price effective from Koha item type
        IMTN IMTN Rack 37-A 02/02/2005 JBD 525.00 658.812 WEL 1882 06/24/2024 1 06/24/2024 Books
Designed & Maintained by: LRC IMT Nagpur Contact: lrc@imtnag.ac.in© 2024. All Rights Reserved.